| 000 | 00572nam a2200205Ia 4500 | ||
|---|---|---|---|
| 003 | OSt | ||
| 005 | 20230508111335.0 | ||
| 008 | 210423s2005 xx 000 0 und d | ||
| 020 | _a1859962963 | ||
| 040 | _cAL | ||
| 041 | _aeng | ||
| 082 |
_a574.19245 _223 _bPENS |
||
| 100 |
_aPENNINGTON (S R);DUNN (M J),Ed. _999845 |
||
| 245 | _aProteomics: from protein sequence to function. | ||
| 260 |
_aNew Delhi _bBIOS Scientific Publisher _c2005 |
||
| 300 |
_axxii,313 _bPB |
||
| 365 |
_b495 _cINR |
||
| 906 | _afunction ; protein ; Proteomics ; sequence | ||
| 942 |
_2ddc _cBK |
||
| 999 |
_c163788 _d163788 |
||